| 000 | 01128nmc a2200337 a 4500 | ||
|---|---|---|---|
| 003 | AR-BaBNM | ||
| 005 | 20251128210006.0 | ||
| 008 | 168119s1987 ||||||||||||||000 | spa|| | ||
| 020 | _a950-687-005-3 | ||
| 040 | _cAR-BaBNM | ||
| 100 | 1 | _aHansen, Guillermo | |
| 245 | 1 | 0 |
_aAnálisis matemático _bsu enseñanza |
| 250 | _a1ª ed. | ||
| 260 |
_aBuenos Aires _bConicet _c1987 |
||
| 300 |
_a137 p. _bil., gráfs. |
||
| 490 | 0 | _aProciencia Conicet | |
| 500 | _aEste material de carácter experimental, forma parte del curso de análisis matemático | ||
| 650 | 4 | _aANALISIS MATEMATICO | |
| 650 | 4 | _aENSENANZA DE LAS MATEMATICAS | |
| 650 | 4 | _aCALCULO DIFERENCIAL | |
| 650 | 4 | _aCALCULO INTEGRAL | |
| 650 | 4 | _aECUACIONES INTEGRALES | |
| 650 | 4 | _aACTIVIDADES DE APRENDIZAJE | |
| 650 | 4 | _aPERFECCIONAMIENTO DEL DOCENTE | |
| 653 | _aEDUCACION A DISTANCIA | ||
| 700 | 1 |
_aVarela, Leopoldo N. _edirector |
|
| 710 | 2 |
_aConsejo Nacional de Investigaciones Científicas y Técnicas [Argentina] _bPrograma Prociencia _9CONICET |
|
| 710 | 2 |
_aArgentina _bMinisterio de Cultura y Educación |
|
| 942 | _cBK | ||
| 998 | _cCarmen | ||
| 999 |
_c13622 _d13622 |
||